书目信息 |
| 题名: |
马卡连柯教育名著导读
|
|
| 作者: | 牛利华, , 郑晓坤, 编著 | |
| 分册: | ||
| 出版信息: | 长春 吉林文史出版社 2016 |
|
| 页数: | 156页 | |
| 开本: | 24cm | |
| 丛书名: | 中外教育名著导读书系 | |
| 单 册: | ||
| 中图分类: | G40-095.12 | |
| 科图分类: | ||
| 主题词: | 教育思想--jiao yu si xiang--研究--苏联 | |
| 电子资源: | ||
| ISBN: | 978-7-5472-2276-8 | |
| 000 | 01102nam 2200289 450 | |
| 001 | 012001003316 | |
| 005 | 20131025161442.0 | |
| 010 | @a978-7-5472-2276-8@dCNY30.00 | |
| 099 | @aCAL 012016081806 | |
| 100 | @a20160324d2016 em y0chiy50 ea | |
| 101 | 0 | @achi |
| 102 | @aCN@b220000 | |
| 105 | @ay z 000yy | |
| 106 | @ar | |
| 200 | 1 | @a马卡连柯教育名著导读@Ama ka lian ke jiao yu ming zhu dao du@f牛利华, 郑晓坤编著 |
| 210 | @a长春@c吉林文史出版社@d2016 | |
| 215 | @a156页@d24cm | |
| 225 | 2 | @a中外教育名著导读书系@Azhong wai jiao yu ming zhu dao du shu xi |
| 330 | @a本书重点对马卡连柯代表性的著作和篇章进行了解读,从中梳理马卡连柯的教育思想,并分析这些思想观点对现代教育的启示。 | |
| 410 | 0 | @12001 @a中外教育名著导读书系 |
| 600 | 1 | @a马卡连柯@Ama ka lian ke@c(Makarenko, Anton Semenovich),@f1888-1939@x教育思想@x研究@j文集 |
| 606 | 0 | @a教育思想@Ajiao yu si xiang@x研究@y苏联 |
| 690 | @aG40-095.12@v5 | |
| 701 | 0 | @a牛利华,@Aniu li hua@f1978-@4编著 |
| 701 | 0 | @a郑晓坤,@Azheng xiao kun@f1977-@4编著 |
| 801 | 2 | @aCN@b江苏凤凰@c20191020 |
| 905 | @b1226560-3@dG40-095.12@e1006@f4 | |
| 马卡连柯教育名著导读/牛利华, 郑晓坤编著.-长春:吉林文史出版社,2016 |
| 156页;24cm.-(中外教育名著导读书系) |
| ISBN 978-7-5472-2276-8:CNY30.00 |
| 本书重点对马卡连柯代表性的著作和篇章进行了解读,从中梳理马卡连柯的教育思想,并分析这些思想观点对现代教育的启示。 |
| ● |
| 相关链接 |
|
|
|
|
正题名:马卡连柯教育名著导读
索取号:G40-095.12/1006
 
预约/预借
| 序号 | 登录号 | 条形码 | 馆藏地/架位号 | 状态 | 备注 |
| 1 | 1226560 | 212265608 | 第一样本阅览室/ [索取号:G40-095.12/1006] | 在馆 | |
| 2 | 1226561 | 212265617 | 教育系资料室/ [索取号:G40-095.12/1006] | 在馆 | |
| 3 | 1226562 | 212265626 | 教育系资料室/ [索取号:G40-095.12/1006] | 在馆 | |
| 4 | 1226563 | 212265635 | 第四借阅区/ [索取号:G40-095.12/1006] | 在馆 |